000 00282nam a22001337a 4500
008 181107b xxu||||| |||| 00| 0 eng d
020 _a9780470541098
041 _aeng
080 _a573
100 _a11
101 _aBIO
245 _aMicrobiology
_cBlack.J.G
942 _2udc
_cBK
999 _c52155
_d52155